Coupes du Monde de Football: Cameroun - Statistiques

Statistiques générales
  • Ce quiz a été pris 177 fois
    119 depuis la dernière actualisation
  • Le résultat moyen est 16 sur 23
Statistiques - réponses
Réponse % Correct
Brésil
98%
Suisse
91%
Argentine
90%
Angleterre
87%
Serbie
85%
Italie
84%
Allemagne
82%
Mexique
81%
URSS
81%
Croatie
78%
Colombie
76%
Japon
74%
Pays-Bas
72%
Russie
72%
Chili
63%
Autriche
62%
Suède
62%
Irlande
57%
Danemark
56%
Pologne
54%
Arabie Saoudite
47%
Pérou
46%
Roumanie
45%
Aucun quiz correspondant
Distribution des résultats
% des personnes avec chaque résultat
Percentile par nombre de réponses
Votre historique - résultats
Vous n’avez pas pris ce quiz depuis la dernière actualisation